000 01187cam a22003497a 4500
003 CHAP
005 20220329133426.0
008 971013s1993 r 00010 d
010 _a6234
011 _a7206
035 _a6429
040 _cCHAP
090 _aTesis
100 0 0 _aRodríguez Ramírez, Fernando.
_998812
245 0 _aAspectos de nutrición y fertilización del cultivo de la fresa (Fragaria x ananassa, Duch.)
260 _aChapingo, Méx. :
_bEl autor,
_c1993
300 _a56 h.
502 _aTesis (Ing. Agr. Esp. en Fitotecnia) -- UACH. Departamento de Fitotecnia
590 _aALEPH
_b10
_c20130110
_lUCH01
_h1217
590 _aBATCH-UPD
_b10
_c20130110
_lUCH01
_h0051
590 _aBATCH-UPD
_b10
_c20130110
_lUCH01
_h1620
590 _aBATCH-UPD
_b10
_c20130409
_lUCH01
_h2039
590 _aBATCH-UPD
_b10
_c20130410
_lUCH01
_h1014
590 _aBATCH-UPD
_b10
_c20130914
_lUCH01
_h1400
590 _aCONVERSION
_b10
_c20130109
_lUCH01
_h1305
650 1 4 _aFertilizantes
_xEfecto en fresa.
_940510
650 1 4 _aFresa
_xRendimiento.
_943232
650 1 4 _aPlantas
_xNutrición.
_988874
901 _aBK
942 _cTESIS
949 _bBC
_cTES
_d-16030
_eTS1
_h25878
_i6429
_si
999 _c6234
_d6234